000 00972nam a22002897a 4500
003 OSt
005 20160930085148.0
008 160930b xxu||||| |||| 00| 0 eng d
020 _a970830016-0
040 _cCRI
082 _a612.015
100 1 _939937
_aCampbell, Mary K.
245 _aBioquímica
_cCampbell, Farrell, Traducción: Alberto Camas Reyes...[etc al.]; Revisión técnica: Alicia Cea Bonilla, Gerardo Rodríguez Muñoz
250 _a6a ed.
260 _aCalifornia
_bCengage Learning
_c2010
300 _aXVIII. 818 p.
_bil.
_c27 cm.
500 _aÍndice: p. [805]
546 _aBiochemistry, 6th edition.
650 0 _98014
_aBioquímica
700 1 _939938
_aFarrell, Shawn O.
700 1 _939939
_aCamas Reyes, Alberto
700 1 _939940
_aCortés Gasco, Jorge Humberto
700 1 _939941
_aBonilla Talavera, Jorge
700 1 _939942
_aCea Bonilla, Alicia
700 1 _939943
_aRodríguez Muñoz, Gerardo
942 _2ddc
_cBK
_hprozim
999 _c26078
_d26078